[Event "FICGS class C 000282 email"]
[Site "FICGS email"]
[Date "2020.06.08"]
[Round "1"]
[White "Roberts, Neil"]
[Black "Block, Benjamin"]
[Result "0-1"]
[WhiteElo "1894"]
[BlackElo "1745"]
[PlyCount "40"]
[EventDate "2020.??.??"]
[EventType "tourn (corr)"]
[EventRounds "4"]
[SourceTitle "Corr 2022"]
[Source "ChessBase"]
[SourceDate "2021.10.24"]
[SourceVersion "1"]
[SourceVersionDate "2021.10.24"]
[SourceQuality "1"]

1. d4 Nf6 2. Bf4 d5 3. e3 c5 4. c3 Nc6 5. Nd2 Bf5 6. Qb3 Qd7 7. Ngf3 c4 8. Qd1 e6 9. Be2 b5 10. Nh4 Be4 11. f3 Bg6 12. 0-0 b4 13. e4 Be7 14. e5 Ng8 15. Nxg6 hxg6 16. g4 f5 17. Be3 Bd8 18. gxf5 gxf5 19. f4 a5 20. Nf3 Nge7 0-1

[Event "FICGS class C 000324 email"]
[Site "FICGS email"]
[Date "2020.05.12"]
[Round "1"]
[White "Roberts, Neil"]
[Black "Greenberg, Normund"]
[Result "0-1"]
[WhiteElo "1894"]
[BlackElo "1961"]
[PlyCount "40"]
[EventDate "2020.??.??"]
[EventType "tourn (corr)"]
[EventRounds "1"]
[SourceTitle "Corr 2022"]
[Source "ChessBase"]
[SourceDate "2021.10.24"]
[SourceVersion "1"]
[SourceVersionDate "2021.10.24"]
[SourceQuality "1"]

1. d4 d5 2. Bf4 Nf6 3. e3 Bg4 4. f3 Bd7 5. Nc3 e6 6. Qd2 c5 7. Nb5 Bxb5 8. Bxb5+ Nc6 9. c3 a6 10. Bd3 Bd6 11. Ne2 c4 12. Bc2 0-0 13. h4 b5 14. Bg5 Be7 15. e4 dxe4 16. fxe4 e5 17. d5 Na5 18. Ng3 Nb7 19. Nf5 Nd6 20. Nxe7+ Qxe7 0-1

[Event "FICGS class C 000281 email"]
[Site "FICGS email"]
[Date "2020.05.09"]
[Round "1"]
[White "Borisovs, Leonids"]
[Black "Roberts, Neil"]
[Result "1-0"]
[WhiteElo "1994"]
[BlackElo "1894"]
[PlyCount "51"]
[EventDate "2020.??.??"]
[EventType "tourn (corr)"]
[EventRounds "4"]
[SourceTitle "Corr 2022"]
[Source "ChessBase"]
[SourceDate "2021.10.24"]
[SourceVersion "1"]
[SourceVersionDate "2021.10.24"]
[SourceQuality "1"]

1. e4 c5 2. Nf3 Nc6 3. Bb5 g6 4. Bxc6 bxc6 5. d3 Bg7 6. 0-0 d6 7. e5 dxe5 8. Re1 Qc7 9. Na3 f6 10. Be3 Rb8 11. Nc4 Be6 12. Nfd2 Nh6 13. Bxc5 Nf5 14. Qe2 Bd5 15. c3 0-0 16. b4 Rfd8 17. Nb3 Bf7 18. Rad1 h5 19. f3 Bh6 20. Bf2 Kh7 21. Nc5 Ra8 22. g3 Rf8 23. a4 Rad8 24. Na5 Rg8 25. c4 Rge8 26. Nab3 1-0

[Event "FICGS class C 000280 email"]
[Site "FICGS email"]
[Date "2020.05.01"]
[Round "1"]
[White "Roberts, Neil"]
[Black "Trigance, Emile"]
[Result "0-1"]
[WhiteElo "1894"]
[BlackElo "1596"]
[PlyCount "58"]
[EventDate "2020.??.??"]
[EventType "tourn (corr)"]
[EventRounds "4"]
[SourceTitle "Corr 2022"]
[Source "ChessBase"]
[SourceDate "2021.10.24"]
[SourceVersion "1"]
[SourceVersionDate "2021.10.24"]
[SourceQuality "1"]

1. d4 Nf6 2. Bf4 e6 3. e3 b6 4. Nf3 Bb7 5. Nbd2 c5 6. c3 d6 7. Bd3 Be7 8. h3 0-0 9. 0-0 Nbd7 10. Qe2 Rc8 11. a3 cxd4 12. cxd4 h6 13. Nc4 Nb8 14. Ncd2 Qd7 15. e4 Rc7 16. Rad1 Rfc8 17. Rfe1 Nh7 18. Nb1 g5 19. Bg3 Nf8 20. Nc3 a6 21. Nh2 Ng6 22. e5 Kg7 23. Bxg6 Kxg6 24. d5 exd5 25. Ng4 Kg7 26. exd6 Bxd6 27. Be5+ Kf8 28. Nxd5 Rc6 29. Ndf6 Qc7 0-1

[Event "ZN-2020-0-04152"]
[Site "LSS email"]
[Date "2020.04.25"]
[Round "?"]
[White "Roberts, Neil"]
[Black "Venturas, Bob"]
[Result "1-0"]
[WhiteElo "842"]
[BlackElo "591"]
[PlyCount "53"]
[EventDate "2020.04.22"]
[EventType "match (corr)"]
[EventRounds "2"]
[EventCountry "GER"]
[SourceTitle "Corr 2022"]
[Source "ChessBase"]
[SourceDate "2021.10.24"]
[SourceVersion "1"]
[SourceVersionDate "2021.10.24"]
[SourceQuality "1"]

1. e4 e5 2. Nf3 Nc6 3. Bc4 h6 4. d4 exd4 5. Nxd4 Bc5 6. Bxf7+ Kxf7 7. Qh5+ g6 8. Qxc5 Nxd4 9. Qxd4 Qf6 10. Qd3 d6 11. Nc3 Be6 12. Be3 Ne7 13. Bd4 Qg5 14. Qf3+ Ke8 15. Bxh8 Kd7 16. Bf6 Qg4 17. Qxg4 Bxg4 18. Bxe7 Kxe7 19. Nd5+ Kd8 20. f3 Be6 21. 0-0-0 c6 22. Nf4 Bf7 23. Rxd6+ Ke7 24. Rhd1 Rb8 25. Nxg6+ Ke8 26. Ne5 h5 27. Rh6 1-0

[Event "ZN-2020-0-04152"]
[Site "LSS email"]
[Date "2020.04.25"]
[Round "?"]
[White "Venturas, Bob"]
[Black "Roberts, Neil"]
[Result "0-1"]
[WhiteElo "591"]
[BlackElo "842"]
[PlyCount "46"]
[EventDate "2020.04.22"]
[EventType "match (corr)"]
[EventRounds "2"]
[EventCountry "GER"]
[SourceTitle "Corr 2022"]
[Source "ChessBase"]
[SourceDate "2021.10.24"]
[SourceVersion "1"]
[SourceVersionDate "2021.10.24"]
[SourceQuality "1"]

1. e4 c5 2. Nf3 Nc6 3. d4 cxd4 4. Nxd4 Nf6 5. Nxc6 bxc6 6. e5 Qa5+ 7. Nc3 Qxe5+ 8. Qe2 Qb8 9. Qc4 e5 10. Be2 Qc7 11. h3 d5 12. Qd3 Bd6 13. 0-0 e4 14. Qd1 0-0 15. Bg5 Qe7 16. Be3 Qe5 17. g3 Bxh3 18. Re1 Qf5 19. Bd4 Ng4 20. Bxg4 Bxg4 21. Qd2 Bf3 22. Re3 Qh3 23. Rxf3 exf3 0-1

[Event "ZN-2020-0-04151"]
[Site "LSS email"]
[Date "2020.04.24"]
[Round "?"]
[White "Trevis, Robert R"]
[Black "Roberts, Neil"]
[Result "0-1"]
[WhiteElo "892"]
[BlackElo "842"]
[PlyCount "38"]
[EventDate "2020.04.21"]
[EventType "match (corr)"]
[EventRounds "2"]
[EventCountry "GER"]
[SourceTitle "Corr 2022"]
[Source "ChessBase"]
[SourceDate "2021.10.24"]
[SourceVersion "1"]
[SourceVersionDate "2021.10.24"]
[SourceQuality "1"]

1. e4 c5 2. Nf3 Nc6 3. Bb5 g6 4. 0-0 Bg7 5. Ng5 Nd4 6. c4 a6 7. Ba4 b5 8. Bb3 d6 9. Nc3 h6 10. Nxf7 Kxf7 11. cxb5+ e6 12. Bc4 axb5 13. Nxb5 Ne7 14. Nxd4 Bxd4 15. Qg4 d5 16. Qf4+ Kg7 17. d3 e5 18. Qf3 dxc4 19. Qg3 cxd3 0-1

[Event "FICGS class C 000322 email"]
[Site "FICGS email"]
[Date "2020.04.23"]
[Round "1"]
[White "Faust, Dieter"]
[Black "Roberts, Neil"]
[Result "0-1"]
[WhiteElo "1996"]
[BlackElo "1875"]
[PlyCount "48"]
[EventDate "2020.??.??"]
[EventType "tourn (corr)"]
[EventRounds "1"]
[SourceTitle "Corr 2022"]
[Source "ChessBase"]
[SourceDate "2021.10.24"]
[SourceVersion "1"]
[SourceVersionDate "2021.10.24"]
[SourceQuality "1"]

1. d4 Nf6 2. c4 e6 3. Nf3 d5 4. Bg5 dxc4 5. Nc3 a6 6. a4 Nc6 7. e4 h6 8. Bxf6 Qxf6 9. Bxc4 g5 10. h3 Bd7 11. d5 Ne5 12. dxe6 fxe6 13. Nxe5 Qxe5 14. Qh5+ Ke7 15. Rd1 b5 16. axb5 axb5 17. Bd3 Bg7 18. 0-0 b4 19. Ne2 Rhf8 20. h4 Qxb2 21. hxg5 Qe5 22. f4 Qc5+ 23. Rf2 Ra1 24. Rxa1 Bxa1 0-1

[Event "FICGS class C 000322 email"]
[Site "FICGS email"]
[Date "2020.04.23"]
[Round "1"]
[White "Roberts, Neil"]
[Black "Perevozchikov, Vjacheslav"]
[Result "1/2-1/2"]
[WhiteElo "1875"]
[BlackElo "2184"]
[PlyCount "62"]
[EventDate "2020.??.??"]
[EventType "tourn (corr)"]
[EventRounds "1"]
[SourceTitle "Corr 2022"]
[Source "ChessBase"]
[SourceDate "2021.10.24"]
[SourceVersion "1"]
[SourceVersionDate "2021.10.24"]
[SourceQuality "1"]

1. e4 c6 2. d4 d5 3. e5 c5 4. dxc5 e6 5. Nf3 Bxc5 6. Bd3 Ne7 7. Qe2 Nbc6 8. 0-0 0-0 9. Be3 Bxe3 10. Qxe3 Nb4 11. Re1 Bd7 12. Nbd2 h6 13. Nb3 Nxd3 14. Qxd3 a5 15. h3 b5 16. a3 Qb6 17. Qd4 Qxd4 18. Nbxd4 Rfb8 19. Re3 b4 20. b3 Ng6 21. g3 a4 22. axb4 Rxb4 23. h4 a3 24. h5 Ne7 25. Kg2 Rb6 26. b4 a2 27. Rb3 f6 28. b5 Ra5 29. Rb2 Bxb5 30. Nxb5 Rbxb5 31. Rbxa2 Nc6 1/2-1/2

[Event "GBR-ch U1750 op 105th"]
[Site "Hull"]
[Date "2018.07.30"]
[Round "1"]
[White "Roberts, Neil"]
[Black "Gogna, Aman"]
[Result "0-1"]
[WhiteElo "1622"]
[BlackElo "1437"]
[PlyCount "116"]
[EventDate "2018.07.30"]
[EventType "swiss"]
[EventRounds "5"]
[EventCountry "ENG"]
[SourceTitle "EXT 2021"]
[Source "ChessBase"]
[SourceDate "2020.10.23"]
[SourceVersion "1"]
[SourceVersionDate "2020.10.23"]
[SourceQuality "1"]

1. d4 Nf6 2. Bf4 g6 3. Nc3 d5 4. e3 a6 5. h4 Bg7 6. Qd2 h5 7. Bd3 0-0 8. Nf3 b6 9. Ne5 Qe8 10. f3 Bb7 11. g4 c5 12. gxh5 Nxh5 13. Bh2 e6 14. Qg2 c4 15. Be2 Nd7 16. f4 Ndf6 17. Nxc4 dxc4 18. Qxb7 b5 19. Bf3 Qd8 20. Qxa8 Qxa8 21. Bxa8 Rxa8 22. a3 Bf8 23. Ke2 Ng7 24. e4 Rd8 25. Rad1 Be7 26. Kf3 Nge8 27. Bg3 Nh5 28. e5 Nc7 29. Rd2 Ng7 30. h5 Nxh5 31. Bh4 Bxh4 32. Rxh4 Nd5 33. Nxd5 Rxd5 34. c3 a5 35. Rg2 Kf8 36. Kg4 Ke7 37. Rgh2 Rd8 38. Rd2 Rd5 39. Rh1 a4 40. Rh3 Ke8 41. Rdh2 Ke7 42. Kf3 Rd8 43. Ke4 Rd5 44. Rg2 Ng7 45. Rh8 Ne8 46. Rgh2 Rd7 47. Rg8 Rd5 48. Rhh8 Rd8 49. d5 exd5+ 50. Kd4 Rc8 51. Kxd5 f6 52. exf6+ Nxf6+ 53. Ke5 Rxg8 54. Rxg8 Nxg8 55. Kd5 Kf6 56. Ke4 Ne7 57. Kd4 Kf5 58. Kc5 Kxf4 0-1

[Event "FICGS W-ch st1 g05 email"]
[Site "FICGS email"]
[Date "2016.11.02"]
[Round "1"]
[White "Roberts, Neil"]
[Black "Barradas, Anderson"]
[Result "1-0"]
[WhiteElo "1854"]
[BlackElo "1209"]
[PlyCount "43"]
[EventDate "2016.??.??"]
[EventType "tourn (corr)"]
[EventRounds "8"]
[SourceTitle "Corr 2022"]
[Source "ChessBase"]
[SourceDate "2021.10.24"]
[SourceVersion "1"]
[SourceVersionDate "2021.10.24"]
[SourceQuality "1"]

1. d4 d5 2. Bf4 Nf6 3. e3 Nc6 4. Nf3 Bg4 5. Nbd2 e6 6. h3 Bh5 7. c4 Bb4 8. a3 Bxd2+ 9. Qxd2 Ne4 10. Qc2 0-0 11. Bd3 h6 12. g4 Bg6 13. h4 h5 14. 0-0-0 hxg4 15. Ng5 Na5 16. h5 Bf5 17. h6 Nxg5 18. Bxf5 exf5 19. hxg7 Kxg7 20. Qxf5 f6 21. Bxg5 fxg5 22. Rh7+ 1-0

[Event "OP-2016-0-04199"]
[Site "LSS email"]
[Date "2016.11.01"]
[Round "?"]
[White "Cabrera Trujillo, Claudio Tomas"]
[Black "Roberts, Neil"]
[Result "0-1"]
[WhiteElo "1148"]
[BlackElo "822"]
[PlyCount "98"]
[EventDate "2016.10.27"]
[EventType "tourn (corr)"]
[EventRounds "4"]
[EventCountry "GER"]
[SourceTitle "Corr 2022"]
[Source "ChessBase"]
[SourceDate "2021.10.24"]
[SourceVersion "1"]
[SourceVersionDate "2021.10.24"]
[SourceQuality "1"]

1. Nf3 d5 2. d4 Nf6 3. c4 c6 4. Nc3 dxc4 5. a4 Bf5 6. Ne5 e6 7. f3 Bb4 8. e4 Bxe4 9. fxe4 Nxe4 10. Bd2 Qxd4 11. Nxe4 Qxe4+ 12. Qe2 Bxd2+ 13. Kxd2 Qd5+ 14. Kc2 Na6 15. Nxc4 0-0 16. Qe5 Rab8 17. Be2 f6 18. Qxd5 cxd5 19. Ne3 Rbc8+ 20. Kb3 Nc5+ 21. Kb4 a5+ 22. Ka3 Ne4 23. Rac1 Kf7 24. Bb5 Ke7 25. Rhe1 f5 26. g3 Rxc1 27. Rxc1 Kd6 28. Rd1 Ke5 29. b4 Rc8 30. Kb2 axb4 31. Nc2 Kd6 32. Nxb4 g6 33. Re1 Rc7 34. Nc2 e5 35. Ne3 Ke6 36. Bf1 Nd6 37. Rd1 Rc5 38. Rd2 d4 39. Nc2 Nc4+ 40. Bxc4+ Rxc4 41. Kb3 Rc3+ 42. Kb4 Kd5 43. Na3 g5 44. Nb5 Rc1 45. Rd3 Ke4 46. Rb3 f4 47. gxf4 gxf4 48. Nd6+ Kd5 49. Nxb7 e4 0-1

[Event "FICGS class C 000248 email"]
[Site "FICGS email"]
[Date "2016.11.01"]
[Round "1"]
[White "Roberts, Neil"]
[Black "Duenas, Alexis"]
[Result "0-1"]
[WhiteElo "1854"]
[BlackElo "1900"]
[PlyCount "96"]
[EventDate "2016.??.??"]
[EventType "tourn (corr)"]
[EventRounds "1"]
[SourceTitle "Corr 2022"]
[Source "ChessBase"]
[SourceDate "2021.10.24"]
[SourceVersion "1"]
[SourceVersionDate "2021.10.24"]
[SourceQuality "1"]

1. d4 Nf6 2. Nf3 e6 3. Bf4 d5 4. e3 c5 5. Be2 Nc6 6. 0-0 Bd6 7. dxc5 Bxf4 8. exf4 Qa5 9. c3 Qxc5 10. Nbd2 0-0 11. Nb3 Qb6 12. Bd3 Bd7 13. Re1 h6 14. a4 a5 15. Qc2 Rfe8 16. Nbd4 Nxd4 17. Nxd4 Qd6 18. Qd2 e5 19. Nb5 Bxb5 20. Bxb5 Re6 21. Rxe5 Rxe5 22. fxe5 Qxe5 23. Rd1 Rd8 24. g3 Ne4 25. Qe3 Qf6 26. h4 g5 27. hxg5 Qxg5 28. Qd4 Qh5 29. Bf1 Ng5 30. Qd3 Nf3+ 31. Kg2 Ne5 32. Qd4 f6 33. Rc1 Qf3+ 34. Kg1 Qe4 35. Bg2 Qxd4 36. cxd4 Nd3 37. Rc2 b6 38. Rc6 Nxb2 39. Rxb6 Nxa4 40. Rxf6 Kg7 41. Ra6 Nc3 42. Rxa5 Ne2+ 43. Kf1 Nxd4 44. Rxd5 Rxd5 45. Bxd5 Nf5 46. Be4 Nd6 47. Bc6 Kf6 48. f4 Nf5 0-1

[Event "FICGS class C 000248 email"]
[Site "FICGS email"]
[Date "2016.11.01"]
[Round "1"]
[White "Romano, Jacopo"]
[Black "Roberts, Neil"]
[Result "1/2-1/2"]
[WhiteElo "2032"]
[BlackElo "1854"]
[PlyCount "35"]
[EventDate "2016.??.??"]
[EventType "tourn (corr)"]
[EventRounds "1"]
[SourceTitle "Corr 2022"]
[Source "ChessBase"]
[SourceDate "2021.10.24"]
[SourceVersion "1"]
[SourceVersionDate "2021.10.24"]
[SourceQuality "1"]

1. e4 e6 2. d4 d5 3. Nd2 Nf6 4. e5 Nfd7 5. Bd3 c5 6. c3 b6 7. Nh3 Ba6 8. Bxa6 Nxa6 9. 0-0 Be7 10. Qg4 0-0 11. Nf3 Kh8 12. Bg5 Qe8 13. Rfd1 b5 14. Bxe7 Qxe7 15. Nf4 c4 16. a3 Nc7 17. Nh5 Rg8 18. Rdb1 1/2-1/2

[Event "RN-2016-0-01206"]
[Site "LSS email"]
[Date "2016.10.28"]
[Round "?"]
[White "Heiser, Jerome"]
[Black "Roberts, Neil"]
[Result "0-1"]
[WhiteElo "512"]
[BlackElo "822"]
[PlyCount "50"]
[EventDate "2016.10.20"]
[EventType "tourn (corr)"]
[EventRounds "6"]
[EventCountry "GER"]
[SourceTitle "Corr 2022"]
[Source "ChessBase"]
[SourceDate "2021.10.24"]
[SourceVersion "1"]
[SourceVersionDate "2021.10.24"]
[SourceQuality "1"]

1. e4 e6 2. d4 d5 3. e5 c5 4. c3 Nc6 5. Nf3 Nge7 6. Bd3 cxd4 7. cxd4 Nf5 8. Bxf5 exf5 9. 0-0 h6 10. Nc3 g5 11. h3 Be6 12. Nb5 a6 13. Nc3 Be7 14. a3 Rc8 15. Na4 b5 16. Nc3 f4 17. Qe2 Qd7 18. a4 b4 19. Nb1 h5 20. Bxf4 gxf4 21. Qxa6 Bxh3 22. gxh3 Qxh3 23. Ng5 Rg8 24. f3 Qg3+ 25. Kh1 Qh4+ 0-1

[Event "RN-2016-0-01206"]
[Site "LSS email"]
[Date "2016.10.28"]
[Round "?"]
[White "Neuhausen, Rainer"]
[Black "Roberts, Neil"]
[Result "0-1"]
[WhiteElo "1022"]
[BlackElo "822"]
[PlyCount "46"]
[EventDate "2016.10.20"]
[EventType "tourn (corr)"]
[EventRounds "6"]
[EventCountry "GER"]
[SourceTitle "Corr 2022"]
[Source "ChessBase"]
[SourceDate "2021.10.24"]
[SourceVersion "1"]
[SourceVersionDate "2021.10.24"]
[SourceQuality "1"]

1. d4 d5 2. Nf3 Nf6 3. c4 c6 4. Nc3 dxc4 5. e3 b5 6. a4 b4 7. Ne2 c5 8. dxc5 Qxd1+ 9. Kxd1 Ne4 10. Nd2 Nxf2+ 11. Ke1 Nxh1 12. Nxc4 e5 13. Nxe5 Bxc5 14. Nf4 0-0 15. Bc4 Nd7 16. Nc6 Nb6 17. Bb3 Bb7 18. Ne5 a5 19. Bd2 Bd6 20. Ned3 Rfd8 21. Ke2 Ba6 22. Rxh1 Bxf4 23. exf4 Rxd3 0-1

[Event "RN-2016-0-01206"]
[Site "LSS email"]
[Date "2016.10.28"]
[Round "?"]
[White "Roberts, Neil"]
[Black "Czaban, Tomasz"]
[Result "1-0"]
[WhiteElo "822"]
[BlackElo "682"]
[PlyCount "39"]
[EventDate "2016.10.20"]
[EventType "tourn (corr)"]
[EventRounds "6"]
[EventCountry "GER"]
[SourceTitle "Corr 2022"]
[Source "ChessBase"]
[SourceDate "2021.10.24"]
[SourceVersion "1"]
[SourceVersionDate "2021.10.24"]
[SourceQuality "1"]

1. d4 d6 2. Nf3 Nf6 3. Nc3 Nc6 4. e4 e6 5. Bd3 Be7 6. a3 0-0 7. e5 dxe5 8. dxe5 Nd7 9. Qe2 a6 10. h4 h6 11. Bxh6 gxh6 12. Qe4 f5 13. exf6 Nxf6 14. Qg6+ Kh8 15. Qxh6+ Kg8 16. Qg6+ Kh8 17. Ne4 Qe8 18. Qh6+ Nh7 19. Neg5 Bxg5 20. Qxh7# 1-0

[Event "RN-2016-0-01206"]
[Site "LSS email"]
[Date "2016.10.28"]
[Round "?"]
[White "Roberts, Neil"]
[Black "Lenz, Juergen"]
[Result "1-0"]
[WhiteElo "822"]
[BlackElo "1120"]
[PlyCount "39"]
[EventDate "2016.10.20"]
[EventType "tourn (corr)"]
[EventRounds "6"]
[EventCountry "GER"]
[SourceTitle "Corr 2022"]
[Source "ChessBase"]
[SourceDate "2021.10.24"]
[SourceVersion "1"]
[SourceVersionDate "2021.10.24"]
[SourceQuality "1"]

1. d4 Nf6 2. Nf3 d6 3. Nc3 Bf5 4. Bf4 c6 5. e3 Nbd7 6. h3 h6 7. Bd3 Bxd3 8. Qxd3 Qc7 9. 0-0 e5 10. Bg3 b6 11. dxe5 dxe5 12. Rfd1 0-0-0 13. Nxe5 Nxe5 14. Qa6+ Kb8 15. Rxd8+ Qxd8 16. Bxe5+ Ka8 17. Rd1 Qe8 18. Na4 Bc5 19. Nxc5 bxc5 20. Rd8+ 1-0

[Event "OP-2016-0-04193"]
[Site "LSS email"]
[Date "2016.10.27"]
[Round "?"]
[White "Cerne, Peter"]
[Black "Roberts, Neil"]
[Result "0-1"]
[WhiteElo "1553"]
[BlackElo "822"]
[PlyCount "86"]
[EventDate "2016.10.21"]
[EventType "tourn (corr)"]
[EventRounds "4"]
[EventCountry "GER"]
[SourceTitle "Corr 2022"]
[Source "ChessBase"]
[SourceDate "2021.10.24"]
[SourceVersion "1"]
[SourceVersionDate "2021.10.24"]
[SourceQuality "1"]

1. e4 e6 2. d4 d5 3. Nc3 Nf6 4. Bg5 Be7 5. e5 Nfd7 6. Bxe7 Qxe7 7. f4 0-0 8. Nf3 c5 9. Qd2 Nc6 10. dxc5 Nxc5 11. 0-0-0 a6 12. Bd3 b5 13. Qf2 h6 14. Qg3 b4 15. Ne2 b3 16. axb3 Nb4 17. Ne1 a5 18. Bb5 a4 19. Bxa4 Ne4 20. Qe3 Bd7 21. Kb1 Bxa4 22. bxa4 Rxa4 23. Nc3 Nxc3+ 24. Qxc3 Qa7 25. b3 Ra3 26. Rd4 Na2 27. Qd3 Rc8 28. Ra4 Rxa4 29. bxa4 Nc3+ 30. Kc1 Qxa4 31. Kd2 Qxf4+ 32. Qe3 Ne4+ 33. Ke2 Qxe5 34. Kf1 Qf6+ 35. Qf3 Nd2+ 36. Kf2 Nxf3 37. gxf3 Qd4+ 38. Kg3 e5 39. h4 Qd2 40. h5 Rc4 41. Rf1 f5 42. Rg1 Rh4 43. Ng2 Rxh5 0-1

[Event "FICGS rapid B 000244 email"]
[Site "FICGS email"]
[Date "2016.10.13"]
[Round "1"]
[White "Pareschi, Remo"]
[Black "Roberts, Neil"]
[Result "1/2-1/2"]
[WhiteElo "1957"]
[BlackElo "1800"]
[PlyCount "36"]
[EventDate "2016.??.??"]
[EventType "tourn (rapid)"]
[EventRounds "6"]
[SourceTitle "Corr 2022"]
[Source "ChessBase"]
[SourceDate "2021.10.24"]
[SourceVersion "1"]
[SourceVersionDate "2021.10.24"]
[SourceQuality "1"]

1. d4 d5 2. Nf3 Bf5 3. Bf4 e6 4. c4 Nf6 5. Qb3 Nc6 6. Nbd2 Be7 7. e3 0-0 8. c5 a5 9. Rc1 Rb8 10. h3 Nd7 11. Be2 e5 12. Bxe5 Ncxe5 13. Nxe5 Nxe5 14. dxe5 c6 15. g4 Be6 16. 0-0 b6 17. cxb6 Rxb6 18. Qc3 a4 1/2-1/2